00784naa a22002417a 4500001001000000003000900010005001700019007000300036008003400039040005400073041000900127072001300136100001800149245006300167260003600230500009400266650002300360650002300383650001200406650001800418650001500436773009100451BR9401786BR-BrBNA20240918181000.0ta230509b bl.||||| |||| 00| 0 por d aBR-BrBNAbporcBiblioteca Nacional de Agricultura a(Pt) aT01; E701 aRodrigues, R.1 aO meio ambiente e o comercio mundial de produtos agricolas3 aCuritiba, PR (Brasil): c1994.  aNnovas propostas cooperativistas Curitiba, PR (Brasil): 1994. p. 42-58 (BR9401786-AM)T01  aPolitica Comercial aPolitica Economica aMercado aMeio Ambiente aDegradacao0 tNnovas propostas cooperativistaswT01 BR9401786gCuritiba, PR (Brasil), 1994. p. 42-58